000 01434cam a22003973a 4500
001 4312
003 FISKH
005 20250404093611.0
008 950828s1995 nyua j 000 1 eng d
010 _a 97810833
020 _a0590226363 :
020 _a9780590226363
035 _a(OCoLC)ocm33051778
040 _aISO
_cISO
_dSLC
_dOCL
_dDLC
_beng
050 _aPZ7.D128
082 _a813.6
100 1 _aDadey, Debbie.
245 1 0 _aZombies don't play soccer /
_cby Debbie Dadey and Marcia Thornton Jones ; illustrated by John Steven Gurney.
250 _aThis edition first printing, July 2007
260 _aNew York :
_bScholastic,
_c1995.
300 _a70 pages :
_billustrations ;
_c20 cm
440 4 _aThe Bailey School kids
500 _a"A little Apple paperback."
505 _aO
520 _aWith humor, suspense and mystery, this popular series continues as The Bailey School Kids investigate a new soccer coach whose spacey stare has them worried. Will her hard-driving practice sessions turn them into winners or zombies?
521 _a620
_bLexile
521 _aO
_bRaz-Plus
650 0 _aSoccer stories.
650 0 _aZombiism
_vJuvenile fiction.
655 7 _aChildren's stories.
_2lcsh
700 1 _aJones, Marcia Thornton.
_eAuthor
700 1 _aGurney, John.
_eillustrator
906 _a7
_bcbc
_ccopycat
_d2
_encip
_f19
_gy-genrareb
942 _2ddc
_cBK
_n0
999 _c4312
_d4312